000 00570nam a22001697a 4500
008 140610b xxu||||| |||| 00| 0 eng d
020 _a9781570756191
050 _aBX2436.O48 2005
100 _aO'Murchu, Diarmuid
_910763
245 _aConsecrated Religious Life
_bthe changing paradigms
_cDiarmuid O'Murchu
260 _aNew York
_bOrbis Books
_c2005
300 _ax, 267p. ;
_c22cm.
650 _aMonasticism and religious orders
_xrules
_910764
650 _aMonastic and religious life
_910765
650 _aCatholic Church
_xClergy
_910766
942 _2lcc
_cMONOGRAPH
999 _c120678
_d120678